00446 2200181 4500001002100000005001500021008004100036020002200077035001900099041000700118082000800125090001400133100002600147245002400173260002700197300001900224650002100243INLIS00000000001437520241224114731241224||||||||| | ||| |||| || |  a978-979-665-609-4 0010-1224014375 aid0 a411 a411 HEN p0 aHenry Guntur Taringan00aPENGAJARAN SEMANTIK aBandungbAngkasac2009 a234hlm;15x21cm 0aBahasa Indonesia